Music Quiz

Random Music or Kpop Quiz
Score 0/30 Timer 10:00
0 Plays Today
% Correct
bts
99.3%
seventeen
99.3%
exo
99.3%
blackpink
98.9%
itzy
98.6%
got7
97.1%
twice
96.8%
nct 127
96.4%
nct
96.4%
kard
96%
stray kids
95.7%
monsta x
95.3%
mamamoo
95.3%
super junior
95.3%
ateez
94.9%
% Correct
shinee
94.9%
super m
94.9%
nct dream
94.6%
big bang
94.6%
astro
93.9%
red velvet
93.9%
txt
92.1%
ikon
91.3%
day6
88.1%
nu'est
83%
ab6ix
81.6%
the rose
78%
oneus
67.1%
cravity
66.4%
lucy
52%
Remove Ads.
Support Sporcle.
Get the best of Sporcle when you Go Orange. This ad-free experience offers more features, more stats, and more fun while also helping to support Sporcle. Thank you for becoming a member.

You're not logged in!

Compare scores with friends on all Sporcle quizzes.
OR
Log In

Sporcle TV

Today on Sporcle TV


Watch our educational content, quiz creation guides, and fun videos on Sporcle TV.

Show Comments

Extras

Top Quizzes Today


Score Distribution

Paid Content

Your Account Isn't Verified!

In order to create a playlist on Sporcle, you need to verify the email address you used during registration. Go to your Sporcle Settings to finish the process.

Report this User

Report this user for behavior that violates our Community Guidelines.

Details: